Uguaglianze difficili e mondi della disabilità (Record n. 336768)

Dettagli MARC
000 -LEADER
campo di controllo lung. fissa nam a22 7a 4500
003 - Identificatore del numero di controllo
campo di controllo IT-MiCISF
005 - Data e orario dell'ultima transazione
campo di controllo 20170908164734.0
008 - Elementi di lunghezza fissa--Informazione generale
campo di controllo lung. fissa 170908b xxu||||| |||| 00| 0 eng d
040 ## - Fonte della catalogazione
Agenzia che fa la trascrizione IT-MiCISF
041 ## - Codice di lingua
Codice di lingua del testo/traccia sonora o titolo separato it
100 ## - Accesso principale -- nome di persona
Nome di persona Carrozzino Michela, Ruffinato Piera (a cura di)
9 (RLIN) 56570
245 ## - Formulazione del titolo
Titolo Uguaglianze difficili e mondi della disabilità
Complemento del titolo Atti del sesto Congresso Internazionale, Milano, 19-21 ottobre 2015
260 ## - Pubblicazione, distribuzione, ecc. (stampa)
Luogo di pubblicazione, distribuzione, ecc. Roma
Nome dell'editore, distributore, ecc. Associazione mediterraneo senza handicap
Data di pubblicazione, distribuzione, ecc. 2017
300 ## - Descrizione fisica
Estensione pp. 460
500 ## - Nota generale
Nota generale handicap, società, cultura, comparazione, scuola, educazione, infanzia, donna, esperienze
520 ## - Riassunto, ecc.
Nota di riassunto, ecc. Il Congresso Internazionale Uguaglianze difficili e mondi della disabilità che si è svolto a Milano dal 19 al 21 ottobre 2015 è stata una preziosa occasione per riflettere non solo su alcuni universali mondi della disabilità quali l’educazione, la famiglia, il lavoro, la riabilitazione, ma anche su altri mondi spesso nascosti e dimenticati quali sono i contesti di guerra e di conflitto. La logica inclusiva e valorizzante che ha caratterizzato le riflessioni congressuali, ha fatto dell’evento un’occasione di incontro e di confronto, ma anche di unificazione tra diversi mondi della cultura, delle esperienze e dei linguaggi. Una prova che è possibile trovare uno sguardo comune che permetta di lavorare insieme per contribuire alla trasformazione delle uguaglianze difficili in uguaglianze possibili.
650 ## - Accesso aggiunto di soggetto--termine topico
Termine topico o nome geografico come accesso handicap
9 (RLIN) 56194
654 ## - Accesso aggiunto di soggetto--termini topici faccettati
Termine principale atti
700 ## - Accesso aggiunto--nome di persona
Nome di persona Anelli F.
-- Armani S.
-- Baldi S.
-- Ballarino F.
-- Baloh B.
-- Baschiera B.
-- Belletti F.
-- Ben Ali M.
-- Bertin G.
-- Biasco L.
-- Braghini A.
-- Brojcin B.
-- Calleja C.
-- Camara T.
-- Capozza F.
-- Caracciolo P.
9 (RLIN) 56571
942 ## - Dati aggiuntivi (Koha)
Fonte della classificazione o dello schema di collocazione (segnatura) Dewey Decimal Classification
Tipo copia default (Koha) LIBRO
Dati di copia
Ritirato (status) Perso (status) Fonte della classificazione o dello schema di collocazione (segnatura) Danneggiato (status) Non per il presito Biblioteca proprietaria Biblioteca in cui si trova Data d'acquisizione Totale prestiti Collocazione Codice a barre Data ultima operazione Prezzo in vigore dal Tipo copia default (Koha)
    Dewey Decimal Classification Buone Condizioni Not For Loan CISF - Milano CISF - Milano 08/09/2017   b7386 9788866714224 08/09/2017 08/09/2017 LIBRO
CREDITS: SOCIETA' SAN PAOLO Via A.Severo, 58 - ROMA (RM) & PERIODICI SAN PAOLO SRL Via Giotto, 36 MILANO & CISF Via Giotto, 36 MILANO & EDIZIONI SAN PAOLO SRL,  Piazza Soncino, 5 CINISELLO BALSAMO (MI) -- ITALY